00777nab a2200229 uc450000100070000000500170000700800410002403500110006503500210007604000130009704100080011010000320011824501060015065000410025665000280029765000290032565000200035465000240037470000340039870000380043277300770047016360320241106091127.0980224e19970501 spa  a163603 a(OCoLC)819760002 ccomduadb aspa10aPlata, Hermelinda4auteaut10aReactor de fases alternadas a bajos tiempos de retencion para aguas residuales de la ciudad de Bogota 7aAguas residualesxTratamiento2embne aTratamiento biológico aRemoción de nutrientes aNitrificación aBogotá (Colombia)10aGiraldo G., Eugenio4auteaut10aRojas Sanchez, Patricia4auteaut0 tMemos de Investigación (Bogotá)gNo.345,May., p. 1-18w108275091884